Bandiere di Paesi contenenti il Sole - Statistics

Statistiche generali
  • Questo quiz è stato fatto 55 volte
  • Il punteggio medio è 14 su 17
Statistiche sulle risposte
con Immagini Risposta % Corretto
Argentina
100%
Uruguay
98%
Nepal
92%
Macedonia del Nord
90%
Nicaragua
90%
Ecuador
88%
Filippine
88%
Kazakistan
88%
Malesia
84%
Kiribati
82%
El Salvador
80%
Antigua e Barbuda
78%
Kirghizistan
78%
Malawi
76%
Isole Marshall
71%
Namibia
69%
Ruanda
63%
Nessun quiz corrispondente trovato
Distribuzione punteggi
Percentuale di utenti per punteggio
Percentile per numero di risposta
I tuoi punteggi nel tempo
Non hai fatto questo quiz